| 000 | 01124nam a22002657a 4500 | ||
|---|---|---|---|
| 003 | OSt | ||
| 005 | 20251017202501.0 | ||
| 008 | 240202b ||||| |||| 00| 0 eng d | ||
| 040 | _c0 | ||
| 082 | _aDPer 621.317 Ie21 January 2022 v. 37 n. 1 | ||
| 100 |
_aTorchio, Ricardo. _eauthor. _951245 |
||
| 245 |
_aFFT-PEEC: _ba fast tool from CAD to power electronics simulations / _cRicardo Torchio, Francesco Lucchini, Jean Luc Schanen, Oliver Chadebec, and Gerard Meunier. |
||
| 260 |
_aNew York ; _bThe Institute of Electrical and Electronics Engineers, Inc. , _cJanuary 2022. |
||
| 300 |
_aVolume 37, pages 700-713 : _billustration ; _c28 cm. |
||
| 500 | _aIEEE Transactions on Power Electronic, v. 37 n. 1, pages 700-713, January 2022. | ||
| 650 |
_aElectronics. _957165 |
||
| 650 |
_aElectric circuit. _925991 |
||
| 650 | 0 |
_aPower electronics. _965750 |
|
| 700 |
_aTorchio, Ricardo. _eauthor. _951245 |
||
| 700 |
_aLucchini, Francesco. _eauthor. _951246 |
||
| 700 |
_aSchanen, Jean Luc. _eauthor. _951247 |
||
| 700 |
_aChadebec, Oliver. _eauthor. _951248 |
||
| 700 |
_aMeunier, Gerard. _eauthor. _951249 |
||
| 942 |
_2ddc _cPER |
||
| 999 |
_c18885 _d18885 |
||